Türkiye'nin jeopolitiği : (Record no. 13746)
[ view plain ]
| 000 -BAŞLIK | |
|---|---|
| Sabit Uzunlukta Kontrol Alanı | 00795nam a2200241 4500 |
| 999 ## - SİSTEM KONTROL NUMARALARI (KOHA) | |
| Koha Biblionumber | 13746 |
| Koha Biblioitemnumber | 13746 |
| 003 - KONTROL NUMARASI IDENTIFIER | |
| Denetim Alanı | MIRAKIL |
| 005 - SON İŞLEM TARİHİ VE ZAMANI | |
| Denetim Alanı | 20200129134512.0 |
| 008 - SABİT-BOY VERİ ELEMANLARI - GENEL BİLGİLER | |
| Sabit Uzunlukta Kontrol Alanı | 200129b tu ||||| |||| 00| 0 tur d |
| 020 ## - ULUSLARARASI STANDART KİTAP NUMARASI | |
| Uluslararası Standart Kitap Numarası | 9786059963138 |
| 040 ## - KATALOGLAMA KAYNAK | |
| Orijinal Kataloglama Ajansı | TR-AnCHP |
| Metne Dönüştürmek Ajansı | TR-AnCHP |
| 041 ## - DİL KODU | |
| Metin / Ses Parça Veya Ayrı Başlığın Dil Kodu | tur |
| 082 ## - DEWEY ONLU SINIFLANDIRMA NUMARASI | |
| Sınıflandırma Numarası | 327.10109561 |
| Ürün Numarası | S25t 2015 |
| 100 ## - ANA GİRİŞ - KİŞİSEL İSİM | |
| Kişisel Ad | Sandıklı, Atilla |
| 245 10 - BAŞLIK TABLOSU | |
| Başlık | Türkiye'nin jeopolitiği : |
| Başlığın Kalan | yumuşak güç savaşları ve terörizm / |
| Sorumluluk Tablosu, Vb | Atilla Sandıklı. |
| 246 ## - UNVAN FORM VARYING | |
| Başlık Doğru / Kısa Başlığı | yumuşak güç savaşları ve terörizm |
| 260 ## - YAYIN, DAĞITIM, VB | |
| Yayın, Dağıtım, Vb Yeri | İstanbul : |
| Yayıncı, Dağıtıcı, Vs Adı | Bilgesam Yayınları, |
| Yayın, Dağıtım, Vb Tarihi | 2015. |
| 300 ## - FİZİKSEL TANIM | |
| Kapsam | 280 s.: |
| Diğer Fiziksel Ayrıntıları | hrt., |
| Boyutlar | 24 sm. |
| 504 ## - KAYNAKÇA VB NOT | |
| Kaynakça Vb Notu | Kaynakça bölüm sonlarındadır. |
| 650 #0 - KONU KATMA GİRİŞ - TOPİKAL DÖNEM | |
| 9 (RLIN) | 557 |
| Topikal Süreli Veya Coğrafi Ad Giriş Elemanı | Jeopolitik |
| Genel Alt Bölümü | Türkiye |
| 650 #0 - KONU KATMA GİRİŞ - TOPİKAL DÖNEM | |
| 9 (RLIN) | 851 |
| Topikal Süreli Veya Coğrafi Ad Giriş Elemanı | Terörizm |
| Genel Alt Bölümü | türkiye |
| 740 ## - KATMA GİRİŞ - KONTROLSUZ İLGİLİ / ANALİTİK BAŞLIK | |
| Kontrol Edilmeyen / İlgili Analitik Başlıktaki | yumuşak güç savaşları ve terörizm |
| 942 ## - EKLENDİ GİRİŞ ELEMANLARI (KOHA) | |
| Sınıflandırma Veya Raf Düzeni Kaynak | Dewey Decimal Classification |
| Koha Öğesi Türü | Books |
| Kalıcı Konum | Mevcut Konum | Edinme Tarihi | Toplam Check-Out'Lar | Tam Çağrı Numarası | Barkod | Tarih Son Görülme | İtibaren Geçerli Fiyatlar | Koha Öğesi Türü |
|---|---|---|---|---|---|---|---|---|
| CHP Kütüphanesi | CHP Kütüphanesi | 01/29/2020 | 327.10109561 S25t 2015 | 013529 | 01/29/2020 | 01/29/2020 | Books |
